000
00348 a2200169 4500
001
192509
020
_a
978-85-08-17279-5
040
_c
Magnum
100
_a
França, Mary
240
1
0
_a
O rabo do gato
_l
por
245
1
0
_a
O rabo do gato
300
_a
16
362
0
_a
2015
440
1
_a
Ática
697
_a
LITERATURA INFANTIL
942
_c
BK
999
_c
192509
_d
192509